000 00698nam a2200265Ia 4500
003 OSt
005 20221006150915.0
006 a|||||r|||| 00| 0
007 ta
008 221006b |||||||| |||| 00| 0 jpn d
020 _c¥480
024 _a20,185
037 _bGift, Japan Foundation
_cTextual
040 _aEASL
_cEASL
_bjpn
041 _2jpn
_ajpn
082 _aX75.4, L3
100 _aKAWATA Tadashi
_9657951
245 0 _aAjia no chosen
260 _aTokyo
_bTokyo Daigaku Shuppankai Japan
_c1973
300 _a200p.
_ccm.
490 _v JL
650 _aJL
942 _hX75.4, L3
_cTEXL
_2CC
999 _c1088271
_d1088271